000 00670nmc a2200265 a 4500
003 AR-BaBNM
005 20251128205205.0
008 066119s1994 ||||||||||||||000 | spa||
020 _a950-21-0564-8
040 _cAR-BaBNM
100 1 _aBornemann, Elsa
245 1 0 _aEl espejo distraído
_b[versicuentos]
250 _a4ª ed.
260 _aBuenos Aires
_bPlus Ultra
_c1994
300 0 _a125 p.
490 0 _aLiteratura juvenil
_vv. 3
650 4 _aLITERATURA ARGENTINA
650 4 _aLITERATURA INFANTIL
650 4 _aPOESIAS
653 0 _aPOESIA INFANTIL
653 0 _aLITERATURA MARAVILLOSA
655 _aLITERATURA
942 _cBK
998 _cMARTIN
999 _c10380
_d10380